| 000 | 00595nam a2200181 a 4500 | ||
|---|---|---|---|
| 001 | 000018651 | ||
| 005 | 20200929165833.0 | ||
| 008 | 100512s1989 ag r 000 0 spa d | ||
| 020 | _z9879918679 | ||
| 040 |
_aDO-SdBNP _bspa _cBNPHU |
||
| 082 |
_axxxx _bL283a |
||
| 100 | 1 |
_aLangley, Lester D. _940295 |
|
| 245 | 1 | 0 |
_aAmérica y las américas : _blos Estados Unidos en el hemisferio occidental / _cLester D. Langley ; traducción María Cillo. |
| 260 |
_aBuenos Aires : _bDevenir, _c1989. |
||
| 300 |
_a368 p. ; _c20 cm. |
||
| 590 | _aInventariado, 2019/BT | ||
| 700 | 1 |
_aCillo, María, _etr. _937354 |
|
| 999 |
_c18171 _d18171 |
||